[Event "Titled Tuesday intern op 04th Mar Early"]
[Site "Chess.com INT"]
[Date "2025.03.04"]
[Round "3"]
[White "Mihailidis, Anastasios"]
[Black "Hernandez Bermudez, Ulises Eduardo"]
[Result "1-0"]
[WhiteElo "2201"]
[BlackElo "2042"]
[PlyCount "159"]
[EventDate "2025.03.04"]
[EventType "swiss (blitz)"]
[EventRounds "11"]
[EventCountry "USA"]
[SourceTitle "CB11_2025"]
[SourceDate "2025.03.12"]
[SourceVersion "1"]
[SourceVersionDate "2025.03.12"]
[SourceQuality "1"]

1. e4 e5 2. Nf3 Nf6 3. d4 Nxe4 4. dxe5 d5 5. exd6 Nxd6 6. Bd3 Nc6 7. 0-0 Be7 8. Re1 0-0 9. h3 Be6 10. Nc3 Bf6 11. Bf4 Qd7 12. Qd2 Rad8 13. Rad1 Nb4 14. Be5 Nxd3 15. Qxd3 Bxe5 16. Nxe5 Qe7 17. Qf3 c6 18. b3 Nf5 19. Ne2 Qc5 20. Rxd8 Rxd8 21. Nf4 Qxc2 22. Nxe6 fxe6 23. Qh5 Rf8 24. Nf3 g6 25. Qg4 Ng7 26. Qb4 b6 27. a4 c5 28. Qb5 Qc3 29. Re3 Qc1+ 30. Kh2 Qc2 31. Re2 Qf5 32. Qd7 Qf4+ 33. Kg1 Qf7 34. Qd6 Re8 35. Ng5 Qf6 36. Ne4 Qe7 37. Qe5 Rf8 38. g4 h6 39. Ng3 Kh7 40. Kg2 Rd8 41. Ne4 Kh8 42. Ng3 Rd5 43. Qe3 Rd4 44. Qe5 Qd6 45. Qf6 Rf4 46. Qc3 Qd4 47. Qe3 Qxe3 48. Rxe3 Rb4 49. Ne4 Kg8 50. Nf6+ Kf7 51. Nd7 a6 52. Ne5+ Kf6 53. Nc6 Rf4 54. Kg3 g5 55. Nb8 b5 56. Nxa6 bxa4 57. bxa4 Rxa4 58. Nxc5 Ra2 59. Nd7+ Ke7 60. Ne5 Kf6 61. Nd7+ Ke7 62. Nc5 Kf6 63. Rf3+ Ke7 64. Ne4 Ra5 65. Nf6 Re5 66. Ng8+ Kd6 67. Nxh6 Re1 68. Nf7+ Ke7 69. Nxg5 e5 70. Re3 Rxe3+ 71. fxe3 Kf6 72. Ne4+ Kg6 73. h4 Ne6 74. h5+ Kh6 75. Kh4 Ng7 76. g5+ Kh7 77. Kg4 Ne6 78. Nf6+ Kg7 79. Nd7 Nc5 80. Nxe5 1-0

[Event "Titled Tuesday intern op 04th Mar Early"]
[Site "Chess.com INT"]
[Date "2025.03.04"]
[Round "2"]
[White "Player, Edmund C"]
[Black "Mihailidis, Anastasios"]
[Result "1-0"]
[WhiteElo "2130"]
[BlackElo "2201"]
[PlyCount "53"]
[EventDate "2025.03.04"]
[EventType "swiss (blitz)"]
[EventRounds "11"]
[EventCountry "USA"]
[SourceTitle "CB11_2025"]
[SourceDate "2025.03.12"]
[SourceVersion "1"]
[SourceVersionDate "2025.03.12"]
[SourceQuality "1"]

1. Nc3 Nf6 2. e4 e5 3. Bc4 Bc5 4. d3 d6 5. f4 exf4 6. Bxf4 0-0 7. Nf3 Be6 8. Bb3 Bxb3 9. axb3 Re8 10. Bg5 h6 11. Bh4 Nbd7 12. Qd2 c6 13. 0-0-0 b5 14. g4 a5 15. g5 hxg5 16. Qxg5 Qb6 17. d4 Bb4 18. Rhg1 g6 19. Qf4 Bxc3 20. Bxf6 Nxf6 21. Qxf6 Bb4 22. Rxg6+ fxg6 23. Qxg6+ Kh8 24. Qh6+ Kg8 25. Rg1+ Kf7 26. Rg7+ Kf8 27. Qf6# 1-0

[Event "Titled Tuesday intern op 11th Feb Early"]
[Site "Chess.com INT"]
[Date "2025.02.11"]
[Round "4"]
[White "Mihailidis, Anastasios"]
[Black "Martin, Lewis"]
[Result "1/2-1/2"]
[WhiteElo "2201"]
[BlackElo "2050"]
[PlyCount "152"]
[EventDate "2025.02.11"]
[EventType "swiss (blitz)"]
[EventRounds "11"]
[EventCountry "USA"]
[SourceTitle "CB09_2025"]
[SourceDate "2025.02.27"]
[SourceVersion "1"]
[SourceVersionDate "2025.02.27"]
[SourceQuality "1"]

1. e4 c6 2. d4 d5 3. Nc3 dxe4 4. Nxe4 Bf5 5. Ng3 Bg6 6. h4 h6 7. Nf3 Nd7 8. Bd3 Bxd3 9. Qxd3 e6 10. Bf4 Qa5+ 11. Bd2 Qc7 12. Ne4 Ngf6 13. c3 Be7 14. Nxf6+ Nxf6 15. Ne5 0-0 16. 0-0 Rad8 17. Qe2 c5 18. Bf4 Qb6 19. dxc5 Bxc5 20. Rad1 Nd5 21. Bc1 Be7 22. Qg4 Kh7 23. g3 Nf6 24. Qf3 Qc7 25. Ng4 Nxg4 26. Qxg4 Rxd1 27. Rxd1 Rd8 28. Qe4+ Kg8 29. Rxd8+ Bxd8 30. Be3 b6 31. Qa8 Kh7 32. Qe4+ Kg8 33. Bf4 Qd7 34. Qa8 Kh7 35. Kg2 g5 36. hxg5 hxg5 37. Bb8 a5 38. Be5 Kg6 39. Qe4+ f5 40. Qc4 b5 41. Qe2 Qd5+ 42. Kg1 Bb6 43. Bd4 Bxd4 44. cxd4 Kf6 45. Qd3 e5 46. dxe5+ Kxe5 47. Qe3+ Kf6 48. Qb6+ Ke5 49. Qxa5 f4 50. Qc3+ Kf5 51. gxf4 gxf4 52. Qh3+ Ke5 53. Qh5+ Kd6 54. Qxd5+ Kxd5 55. Kg2 Ke4 56. a3 Kd3 57. Kf3 Kc2 58. Kxf4 Kxb2 59. Ke4 Kxa3 60. f4 b4 61. f5 b3 62. f6 b2 63. f7 b1Q+ 64. Ke5 Qf1 65. Ke6 Qc4+ 66. Ke7 Qc7+ 67. Ke8 Qc6+ 68. Ke7 Qc7+ 69. Ke8 Qe5+ 70. Kd7 Qf6 71. Ke8 Qe6+ 72. Kf8 Kb4 73. Kg8 Kc5 74. Kh8 Qf6+ 75. Kg8 Qg6+ 76. Kh8 Qxf7 1/2-1/2

[Event "Titled Tuesday intern op 04th Feb Early"]
[Site "Chess.com INT"]
[Date "2025.02.04"]
[Round "6"]
[White "Casiguran, Phil Martin"]
[Black "Mihailidis, Anastasios"]
[Result "0-1"]
[WhiteElo "2116"]
[BlackElo "2201"]
[PlyCount "94"]
[EventDate "2025.02.04"]
[EventType "swiss (blitz)"]
[EventRounds "11"]
[EventCountry "USA"]
[SourceTitle "CB07_2025"]
[SourceDate "2025.02.12"]
[SourceVersion "1"]
[SourceVersionDate "2025.02.12"]
[SourceQuality "1"]

1. e4 c5 2. Nf3 g6 3. d4 cxd4 4. Nxd4 Nc6 5. Be3 Bg7 6. Nc3 Nf6 7. f3 0-0 8. Bc4 Qb6 9. Qd2 Nxe4 10. Nxc6 Qxc6 11. Bxf7+ Rxf7 12. Nxe4 d5 13. Ng5 Bxb2 14. 0-0 Bxa1 15. Nxf7 Bf6 16. Nh6+ Kg7 17. Ng4 Bxg4 18. fxg4 Re8 19. Bh6+ Kg8 20. g5 Bg7 21. Qf4 Qe6 22. Bxg7 Kxg7 23. Qd4+ Kg8 24. Qxa7 Rf8 25. Rxf8+ Kxf8 26. Kf1 Qa6+ 27. Qxa6 bxa6 28. Ke2 e5 29. Kd3 Ke7 30. c4 d4 31. g4 Kd6 32. h4 Kc5 33. h5 a5 34. a3 a4 35. h6 Kd6 36. Ke4 Kc6 37. Kxe5 d3 38. Kf6 d2 39. Kg7 d1Q 40. Kxh7 Kd7 41. Kxg6 Qd3+ 42. Kg7 Qd4+ 43. Kg6 Qe4+ 44. Kg7 Qe5+ 45. Kg6 Ke7 46. h7 Kf8 47. Kh5 Kg7 0-1

[Event "Titled Tuesday intern op 04th Feb Early"]
[Site "Chess.com INT"]
[Date "2025.02.04"]
[Round "3"]
[White "Mihailidis, Anastasios"]
[Black "Abdurakhmanov, Mukhmmadali"]
[Result "0-1"]
[WhiteElo "2201"]
[BlackElo "2396"]
[PlyCount "106"]
[EventDate "2025.02.04"]
[EventType "swiss (blitz)"]
[EventRounds "11"]
[EventCountry "USA"]
[SourceTitle "CB07_2025"]
[SourceDate "2025.02.12"]
[SourceVersion "1"]
[SourceVersionDate "2025.02.12"]
[SourceQuality "1"]

1. e4 a5 2. d4 a4 3. a3 e6 4. c4 d5 5. Nc3 dxe4 6. Nxe4 Be7 7. Nf3 Nf6 8. Bd3 Nxe4 9. Bxe4 c5 10. Be3 cxd4 11. Bxd4 0-0 12. 0-0 Nc6 13. Bc3 Bd7 14. Qc2 f5 15. Bd3 Bf6 16. Rad1 Qe7 17. Rfe1 Bxc3 18. Qxc3 Rad8 19. Ne5 Nxe5 20. Qxe5 Qg5 21. Bc2 Kh8 22. Qg3 Qf6 23. Qe5 Qxe5 24. Rxe5 g6 25. Ra5 Bc6 26. f3 Kg7 27. Kf2 Kf6 28. Ke2 Ra8 29. Rxa8 Rxa8 30. Rd4 e5 31. Rd6+ Ke7 32. Rd2 h5 33. h3 h4 34. Kd3 Rd8+ 35. Kc3 Rxd2 36. Kxd2 Kd6 37. Kc3 Kc5 38. Bb1 Bd7 39. Bc2 b6 40. Bd1 Be8 41. Bc2 Bc6 42. Bd1 e4 43. fxe4 Bxe4 44. Bf3 Bxf3 45. gxf3 g5 46. b4+ axb3 47. Kxb3 g4 48. fxg4 fxg4 49. hxg4 h3 50. g5 h2 51. g6 h1Q 52. g7 Qg1 53. g8Q Qxg8 0-1

[Event "Titled Tuesday intern op 04th Feb Early"]
[Site "Chess.com INT"]
[Date "2025.02.04"]
[Round "2"]
[White "Suvradeepta, Das"]
[Black "Mihailidis, Anastasios"]
[Result "0-1"]
[WhiteElo "2324"]
[BlackElo "2201"]
[PlyCount "112"]
[EventDate "2025.02.04"]
[EventType "swiss (blitz)"]
[EventRounds "11"]
[EventCountry "USA"]
[SourceTitle "CB07_2025"]
[SourceDate "2025.02.12"]
[SourceVersion "1"]
[SourceVersionDate "2025.02.12"]
[SourceQuality "1"]

1. d4 d5 2. Nf3 Nf6 3. Bf4 c5 4. e3 Nc6 5. c3 Qb6 6. Qb3 c4 7. Qxb6 axb6 8. Nbd2 Bf5 9. a3 e6 10. h3 Kd7 11. Be2 Bd6 12. Bxd6 Kxd6 13. 0-0-0 b5 14. Rde1 Rhe8 15. Nh4 h6 16. Nxf5+ exf5 17. Bf3 Ne4 18. Bxe4 fxe4 19. Kc2 f5 20. f4 exf3 21. gxf3 g5 22. e4 dxe4 23. fxe4 f4 24. e5+ Kc7 25. Ne4 Rg8 26. Nf6 Rg6 27. Nd5+ Kd8 28. Rhf1 Ne7 29. Nxe7 Kxe7 30. d5 Rd8 31. Rd1 h5 32. b3 g4 33. Rxf4 g3 34. Rf5 g2 35. Rg1 cxb3+ 36. Kxb3 Rxd5 37. Rxh5 Rd2 38. Rh7+ Ke6 39. Rxb7 Kxe5 40. Rxb5+ Kf4 41. Rb4+ Kf3 42. Rg4 Rxg4 43. hxg4 Kf2 44. Rxg2+ Kxg2 45. g5 Kf3 46. g6 Ke4 47. g7 Rg2 48. Kc4 Rxg7 49. a4 Rc7+ 50. Kb5 Kd5 51. Kb6 Rxc3 52. a5 Rb3+ 53. Ka7 Kc6 54. a6 Rh3 55. Kb8 Kb6 56. a7 Rh8# 0-1

[Event "Titled Tuesday intern op 28th Jan Early"]
[Site "Chess.com INT"]
[Date "2025.01.28"]
[Round "5"]
[White "Shandrygin, Nikita"]
[Black "Mihailidis, Anastasios"]
[Result "1-0"]
[WhiteElo "2209"]
[BlackElo "2201"]
[PlyCount "113"]
[EventDate "2025.01.28"]
[EventType "swiss (blitz)"]
[EventRounds "11"]
[EventCountry "USA"]
[SourceTitle "CB06_2025"]
[SourceDate "2025.02.05"]
[SourceVersion "1"]
[SourceVersionDate "2025.02.05"]
[SourceQuality "1"]

1. Nf3 d5 2. g3 Nf6 3. Bg2 c5 4. 0-0 e6 5. b3 Be7 6. Bb2 0-0 7. d4 cxd4 8. Nbd2 Nc6 9. Nxd4 Nxd4 10. Bxd4 Bd7 11. c4 Bc6 12. e3 Qd7 13. Nf3 Bd6 14. Ne5 Bxe5 15. Bxe5 dxc4 16. Bxf6 Qxd1 17. Rfxd1 Bxg2 18. Bxg7 Kxg7 19. Kxg2 b5 20. bxc4 bxc4 21. Rac1 Rfc8 22. Rd4 c3 23. Rd3 Rab8 24. Rdxc3 Rxc3 25. Rxc3 Rb6 26. Ra3 Rb7 27. Kf3 Kf6 28. h4 h6 29. Ra5 Rc7 30. g4 Rb7 31. Kf4 Rc7 32. h5 Rb7 33. Kg3 Rc7 34. Kh4 Rc2 35. Kg3 Rc7 36. f4 Rb7 37. Kf3 Rd7 38. Ke4 Rc7 39. g5+ Kg7 40. Ke5 Rc3 41. e4 hxg5 42. fxg5 Rg3 43. Kf4 Rg1 44. Rxa7 Rf1+ 45. Ke5 Rg1 46. g6 Rg5+ 47. Kd6 Rxh5 48. gxf7 Rh1 49. e5 Rd1+ 50. Kxe6 Rd8 51. Ke7 Rb8 52. e6 Rc8 53. Rd7 Rb8 54. Rd8 Rb7+ 55. Kd6 Rb6+ 56. Kc5 Rxe6 57. f8Q+ 1-0

[Event "Titled Tuesday intern op 24th Sep Early"]
[Site "Chess.com INT"]
[Date "2024.09.24"]
[Round "6"]
[White "Kononenko, Dmitry1"]
[Black "Mihailidis, Anastasios"]
[Result "1-0"]
[WhiteElo "2220"]
[BlackElo "2201"]
[PlyCount "44"]
[EventDate "2024.09.24"]
[EventType "swiss (blitz)"]
[EventRounds "11"]
[EventCountry "USA"]
[SourceTitle "EXT 2025"]
[Source "ChessBase"]
[SourceDate "2024.10.14"]
[SourceVersion "1"]
[SourceVersionDate "2024.10.14"]
[SourceQuality "1"]

1. e4 c5 2. Nf3 g6 3. d4 cxd4 4. Qxd4 Nf6 5. Bb5 a6 6. e5 axb5 7. exf6 exf6 8. 0-0 d5 9. Re1+ Be6 10. Nc3 Be7 11. Bh6 b4 12. Nb5 Nc6 13. Qf4 Rc8 14. Rad1 Bf8 15. Bxf8 Kxf8 16. Qh6+ Ke7 17. c4 Ne5 18. cxd5 Bxd5 19. Nxe5 fxe5 20. Rxe5+ Kf6 21. Rexd5 Qa5 22. Rd6+ Ke7 1-0

[Event "Titled Tuesday intern op 24th Sep Early"]
[Site "Chess.com INT"]
[Date "2024.09.24"]
[Round "8"]
[White "Mihailidis, Anastasios"]
[Black "Namitbir, Singh Walia"]
[Result "0-1"]
[WhiteElo "2201"]
[BlackElo "2351"]
[PlyCount "114"]
[EventDate "2024.09.24"]
[EventType "swiss (blitz)"]
[EventRounds "11"]
[EventCountry "USA"]
[SourceTitle "EXT 2025"]
[Source "ChessBase"]
[SourceDate "2024.10.14"]
[SourceVersion "1"]
[SourceVersionDate "2024.10.14"]
[SourceQuality "1"]

1. e4 c5 2. Nf3 Nc6 3. Bb5 g6 4. 0-0 Bg7 5. c3 e5 6. Re1 Nge7 7. d4 cxd4 8. cxd4 exd4 9. Bg5 0-0 10. Nbd2 a6 11. Bxc6 dxc6 12. Nb3 h6 13. Bxe7 Qxe7 14. Nfxd4 Bd7 15. Qc2 Rad8 16. Rad1 Bc8 17. Nf3 Rfe8 18. Rxd8 Rxd8 19. h3 Be6 20. Nc5 Bc8 21. b3 Bf8 22. Nd3 Qd6 23. Rd1 c5 24. Nb2 Qc7 25. Rxd8 Qxd8 26. Nd3 Qd6 27. Qd2 b5 28. Nf4 Qxd2 29. Nxd2 Bd6 30. Nd5 Kg7 31. f4 Bb7 32. g3 f6 33. Kf2 Kf7 34. Kf3 Ke6 35. Ne3 f5 36. g4 fxe4+ 37. Nxe4 Be7 38. Nc2 Kd5 39. Ke3 c4 40. Nc3+ Kc5 41. b4+ Kb6 42. a3 a5 43. f5 gxf5 44. gxf5 axb4 45. axb4 Bg5+ 46. Kd4 Bf6+ 47. Ke3 Bxc3 48. Kf4 Bd2+ 49. Ke5 Bc3+ 50. Ke6 Be4 51. f6 Bxc2 52. f7 Bxb4 53. Kd7 Bf5+ 54. Ke8 c3 55. h4 c2 56. h5 c1Q 57. f8Q Qc8+ 0-1

[Event "Titled Tuesday intern op 17th Sep Early"]
[Site "Chess,com INT"]
[Date "2024.09.17"]
[Round "4"]
[White "Asish, Panda"]
[Black "Mihailidis, Anastasios"]
[Result "1-0"]
[WhiteElo "1903"]
[BlackElo "2201"]
[PlyCount "239"]
[EventDate "2024.09.17"]
[EventType "swiss (blitz)"]
[EventRounds "11"]
[EventCountry "USA"]
[SourceTitle "EXT 2025"]
[Source "ChessBase"]
[SourceDate "2024.10.14"]
[SourceVersion "1"]
[SourceVersionDate "2024.10.14"]
[SourceQuality "1"]

1. e4 c5 2. Nf3 g6 3. c3 d5 4. exd5 Qxd5 5. Na3 Bg7 6. Nb5 Na6 7. Qa4 Bd7 8. Bc4 Qc6 9. 0-0 e6 10. d4 cxd4 11. Nfxd4 Qb6 12. Be3 Nc5 13. Qb4 a5 14. Qa3 Bf8 15. b4 Na6 16. Nxe6 Qc6 17. Nxf8 Kxf8 18. bxa5+ Kg7 19. Be2 Nf6 20. Rad1 Bg4 21. Rd6 Bxe2 22. Rxc6 bxc6 23. Re1 Bxb5 24. Bd4 Rhe8 25. Qc1 c5 26. Be5 Re6 27. f4 Kg8 28. c4 Bc6 29. Qa1 Nd7 30. Bc3 Rae8 31. Rxe6 Rxe6 32. Qd1 f6 33. h3 h5 34. f5 gxf5 35. Qxh5 Be4 36. Qg6+ Kf8 37. Bd2 Ke7 38. Qg8 Bc6 39. Bh6 Re2 40. g3 Nb4 41. Qh7+ Kd6 42. Bf4+ Ne5 43. Qg7 Ke6 44. Qg8+ Ke7 45. Qg7+ Ke6 46. Qg8+ Ke7 47. Bxe5 fxe5 48. Qh7+ Kd6 49. Qg6+ Kc7 50. Qxf5 Nc2 51. Qf7+ Kd6 52. Qf8+ Kc7 53. Qe7+ Bd7 54. Qxc5+ Kd8 55. Qf8+ Kc7 56. Qc5+ Kd8 57. a6 Ne3 58. Qf8+ Kc7 59. Qc5+ Kd8 60. a7 Rg2+ 61. Kh1 Rxa2 62. Qf8+ Kc7 63. a8Q Rxa8 64. Qc5+ Bc6+ 65. Kg1 Nc2 66. Qxe5+ Kb7 67. Qb2+ Kc7 68. Qxc2 Rd8 69. Qh7+ Rd7 70. Qf5 Rd1+ 71. Kf2 Rd2+ 72. Ke3 Rg2 73. g4 Rg3+ 74. Kd4 Rxh3 75. Kc5 Bd7 76. Qe5+ Kc8 77. Qd5 Rh6 78. Qa8+ Kc7 79. Qa7+ Kc8 80. Qa8+ Kc7 81. Qf3 Rc6+ 82. Kd4 Rd6+ 83. Kc3 Bc6 84. Qf4 Kd7 85. c5 Re6 86. g5 Re4 87. Qf7+ Kd8 88. Qf6+ Kd7 89. g6 Rg4 90. g7 Be4 91. Qf7+ Kc6 92. g8Q Rxg8 93. Qxg8 Bd5 94. Qg7 Kxc5 95. Qd4+ Kc6 96. Kb4 Bf7 97. Qc5+ Kd7 98. Kb5 Ke6 99. Qd4 Be8+ 100. Kc5 Bf7 101. Qd6+ Kf5 102. Kd4 Bg6 103. Qf8+ Ke6 104. Qg7 Bf7 105. Ke4 Be8 106. Qf8 Bc6+ 107. Kd4 Bd7 108. Qg7 Kd6 109. Qe5+ Kc6 110. Qd5+ Kc7 111. Ke5 Be8 112. Qd6+ Kc8 113. Qe7 Bb5 114. Kd6 Kb8 115. Qc7+ Ka8 116. Qa5+ Kb7 117. Qxb5+ Kc8 118. Qd7+ Kb8 119. Kc6 Ka8 120. Qb7# 1-0

[Event "Titled Tuesday intern op 17th Sep Early"]
[Site "Chess,com INT"]
[Date "2024.09.17"]
[Round "1"]
[White "Bukreev, Stanislav"]
[Black "Mihailidis, Anastasios"]
[Result "1-0"]
[WhiteElo "2384"]
[BlackElo "2201"]
[PlyCount "115"]
[EventDate "2024.09.17"]
[EventType "swiss (blitz)"]
[EventRounds "11"]
[EventCountry "USA"]
[SourceTitle "EXT 2025"]
[Source "ChessBase"]
[SourceDate "2024.10.14"]
[SourceVersion "1"]
[SourceVersionDate "2024.10.14"]
[SourceQuality "1"]

1. d4 d5 2. c4 e6 3. Nf3 Nf6 4. Nc3 h6 5. Bf4 Bd6 6. Bxd6 Qxd6 7. c5 Qd8 8. e3 0-0 9. Be2 Nbd7 10. 0-0 a5 11. a3 Re8 12. b4 axb4 13. axb4 Rxa1 14. Qxa1 e5 15. dxe5 Nxe5 16. Nxe5 Rxe5 17. Rd1 c6 18. Qa8 Re8 19. Qb8 Qe7 20. Qf4 Qe5 21. Qxe5 Rxe5 22. Ra1 Bf5 23. Ra8+ Re8 24. Ra7 Re7 25. h3 Kh7 26. Ba6 Bc8 27. Bd3+ g6 28. Ne2 Nd7 29. Nd4 Ne5 30. Be2 Rc7 31. Kf1 Kg7 32. Ke1 Kf6 33. Kd2 h5 34. Kc3 Bd7 35. Nb3 Bc8 36. Na5 Ke7 37. Kd4 f6 38. Ba6 g5 39. Be2 g4 40. h4 Kd8 41. Ra8 Nf7 42. g3 Nh6 43. Bd3 Ke7 44. Nb3 Bf5 45. Rb8 Bxd3 46. Kxd3 Nf7 47. Na5 Nd8 48. Nb3 Nf7 49. Kd4 Rd7 50. Kc3 Rc7 51. Nd4 Ne5 52. Nf5+ Ke6 53. Nd6 b5 54. cxb6 Rg7 55. b7 Nd7 56. Rd8 Nb8 57. Rxb8 Kxd6 58. Rd8+ 1-0

[Event "Titled Tuesday intern op 17th Sep Early"]
[Site "Chess,com INT"]
[Date "2024.09.17"]
[Round "2"]
[White "Mihailidis, Anastasios"]
[Black "Ghosh, Chanchal Kumer"]
[Result "1-0"]
[WhiteElo "2201"]
[BlackElo "2025"]
[PlyCount "49"]
[EventDate "2024.09.17"]
[EventType "swiss (blitz)"]
[EventRounds "11"]
[EventCountry "USA"]
[SourceTitle "EXT 2025"]
[Source "ChessBase"]
[SourceDate "2024.10.14"]
[SourceVersion "1"]
[SourceVersionDate "2024.10.14"]
[SourceQuality "1"]

1. e4 c5 2. Nf3 d6 3. d4 cxd4 4. Nxd4 Nf6 5. f3 a6 6. c4 e6 7. Nc3 Be7 8. Be3 0-0 9. Be2 Nbd7 10. 0-0 Qc7 11. Qd2 b6 12. Rac1 Bb7 13. Rfd1 Rac8 14. b3 Nc5 15. Kh1 Qb8 16. Bf1 d5 17. cxd5 exd5 18. exd5 Nxd5 19. Nxd5 Bxd5 20. Nf5 Qe5 21. Qxd5 Bf6 22. Qxe5 Bxe5 23. Ne7+ Kh8 24. Nxc8 Rxc8 25. b4 1-0

[Event "Titled Tuesday intern op 10th Sep Early"]
[Site "Chess,com INT"]
[Date "2024.09.10"]
[Round "2"]
[White "Rosen, Eric S"]
[Black "Mihailidis, Anastasios"]
[Result "0-1"]
[WhiteElo "2377"]
[BlackElo "2201"]
[PlyCount "166"]
[EventDate "2024.09.10"]
[EventType "swiss (blitz)"]
[EventRounds "11"]
[EventCountry "USA"]
[SourceTitle "EXT 2025"]
[Source "ChessBase"]
[SourceDate "2024.10.14"]
[SourceVersion "1"]
[SourceVersionDate "2024.10.14"]
[SourceQuality "1"]

1. d4 d5 2. Bf4 Nf6 3. e3 c5 4. Nf3 Nc6 5. Nbd2 Qb6 6. dxc5 Qxb2 7. Rb1 Qc3 8. Bb5 e6 9. 0-0 Bxc5 10. Be5 Qa5 11. c4 0-0 12. Bxf6 gxf6 13. cxd5 exd5 14. Nb3 Qxb5 15. Qxd5 b6 16. Nbd4 Qa4 17. Qxc6 Qxc6 18. Nxc6 Be6 19. a4 Bd5 20. Ncd4 Bxf3 21. Nxf3 Rfd8 22. Rfd1 Kf8 23. Kf1 Ke7 24. Ke2 Rxd1 25. Rxd1 Rd8 26. Rxd8 Kxd8 27. Kd3 Kd7 28. Kc4 Kc6 29. Nd2 a6 30. Ne4 b5+ 31. axb5+ axb5+ 32. Kc3 Be7 33. Kd4 Kb6 34. Nc3 Ka5 35. Nd5 Bd8 36. Kc5 b4 37. Kc4 f5 38. Nxb4 Bc7 39. f4 Bd8 40. Nd5 Ka6 41. Kc5 Kb7 42. Kd6 Kc8 43. Ke5 Kd7 44. Kxf5 Kd6 45. Nf6 h6 46. Ng4 h5 47. Nf6 h4 48. Ne4+ Kd5 49. Nf2 Kc4 50. Ke4 Kc3 51. g4 Kd2 52. g5 Ke2 53. Ng4 Kf1 54. Kf5 Kg2 55. e4 h3 56. e5 Kf3 57. Nh6 Kg2 58. Nxf7 Kxh2 59. Nxd8 Kg2 60. g6 h2 61. g7 h1Q 62. g8Q+ Kf2 63. Qa2+ Kg3 64. Qb3+ Kf2 65. Qc2+ Kg3 66. Ne6 Qh7+ 67. Kf6 Qxc2 68. f5 Kg4 69. Ng7 Qc3 70. Ke6 Qc6+ 71. Kf7 Qd7+ 72. Kf6 Qd8+ 73. Kf7 Qc7+ 74. Kf6 Qb6+ 75. e6 Qd4+ 76. Kf7 Kg5 77. Ne8 Kxf5 78. e7 Qd5+ 79. Kf8 Kg6 80. Nd6 Qxd6 81. Ke8 Kf6 82. Kf8 Qxe7+ 83. Kg8 Qg7# 0-1

[Event "Titled Tuesday intern op 10th Sep Late"]
[Site "Chess,com INT"]
[Date "2024.09.10"]
[Round "1"]
[White "Weetik, Vjacheslav"]
[Black "Mihailidis, Anastasios"]
[Result "1-0"]
[WhiteElo "2423"]
[BlackElo "2201"]
[PlyCount "101"]
[EventDate "2024.09.10"]
[EventType "swiss (blitz)"]
[EventRounds "11"]
[EventCountry "USA"]
[SourceTitle "EXT 2025"]
[Source "ChessBase"]
[SourceDate "2024.10.14"]
[SourceVersion "1"]
[SourceVersionDate "2024.10.14"]
[SourceQuality "1"]

1. Nf3 d5 2. g3 c5 3. Bg2 e6 4. 0-0 Nc6 5. d4 cxd4 6. Nxd4 Nf6 7. c4 Nxd4 8. Qxd4 dxc4 9. Qxc4 Be7 10. Nc3 0-0 11. Rd1 Qa5 12. Qb3 Qb4 13. Bf4 Qxb3 14. axb3 a5 15. Na4 Ra6 16. Rac1 b5 17. Nc3 Bd7 18. Ne4 Be8 19. Nd6 Nh5 20. Be5 f6 21. Nxe8 Rxe8 22. Bc3 b4 23. Bd4 g6 24. Be3 Ng7 25. Rd7 Rd6 26. Ra7 Bd8 27. g4 g5 28. Be4 f5 29. Bc6 Re7 30. Ra8 Rc7 31. Bb6 Rcxc6 32. Rxd8+ Rxd8 33. Rxc6 Rd5 34. Bc5 fxg4 35. e4 Rd1+ 36. Kg2 Rd7 37. Ra6 h5 38. Rxa5 Rd3 39. Be3 Rxb3 40. Rxg5 Kf7 41. Bd4 Ne8 42. Rxh5 Rd3 43. Be5 Kg6 44. Rh8 Nf6 45. Rf8 Nxe4 46. Rf4 Ng5 47. Rxg4 Kf5 48. Rg3 Rxg3+ 49. Bxg3 Ne4 50. Bc7 b3 51. Ba5 1-0

[Event "Titled Tuesday intern op 03rd Sep Early"]
[Site "Chess.com INT"]
[Date "2024.09.03"]
[Round "4"]
[White "Mihailidis, Anastasios"]
[Black "Eilenberg, Jonas"]
[Result "0-1"]
[WhiteElo "2201"]
[BlackElo "2301"]
[PlyCount "48"]
[EventDate "2024.09.03"]
[EventType "swiss (blitz)"]
[EventRounds "11"]
[EventCountry "USA"]
[SourceTitle "EXT 2025"]
[Source "ChessBase"]
[SourceDate "2024.10.14"]
[SourceVersion "1"]
[SourceVersionDate "2024.10.14"]
[SourceQuality "1"]

1. e4 e5 2. Nf3 Nc6 3. c3 d5 4. Qa4 Bd7 5. exd5 Nd4 6. Qd1 Nxf3+ 7. Qxf3 Nf6 8. Bc4 b5 9. Bb3 Bd6 10. h3 e4 11. Qe2 0-0 12. 0-0 Re8 13. d3 Bf5 14. dxe4 Bxe4 15. Qxb5 Rb8 16. Qa5 Nxd5 17. Bxd5 Bxd5 18. Be3 Rxb2 19. Qxa7 c5 20. Rd1 Rxe3 21. c4 Qf6 22. Nd2 Rxd2 23. Rab1 Qxf2+ 24. Kh1 Qxg2# 0-1

[Event "Titled Tuesday intern op 03rd Sep Late"]
[Site "Chess.com INT"]
[Date "2024.09.03"]
[Round "10"]
[White "Mihailidis, Anastasios"]
[Black "Garg, Priyansh"]
[Result "1-0"]
[WhiteElo "2201"]
[BlackElo "2041"]
[PlyCount "107"]
[EventDate "2024.09.03"]
[EventType "swiss (blitz)"]
[EventRounds "11"]
[EventCountry "USA"]
[SourceTitle "EXT 2025"]
[Source "ChessBase"]
[SourceDate "2024.10.14"]
[SourceVersion "1"]
[SourceVersionDate "2024.10.14"]
[SourceQuality "1"]

1. e4 e5 2. Nf3 Nf6 3. d4 Nxe4 4. dxe5 d5 5. exd6 Nxd6 6. Bd3 Be7 7. Nc3 0-0 8. 0-0 Nc6 9. h3 Bf6 10. Ne4 Nxe4 11. Bxe4 Be6 12. c3 Qxd1 13. Rxd1 Rad8 14. Bf4 Rxd1+ 15. Rxd1 Bxa2 16. Bxc7 Re8 17. Bxc6 bxc6 18. Ra1 Bd5 19. Rxa7 Bxf3 20. gxf3 h6 21. Ra6 Re2 22. Rb6 c5 23. Rc6 Rxb2 24. Rxc5 Rc2 25. Ba5 Kh7 26. Rc7 Bd4 27. cxd4 Ra2 28. Bb4 Rb2 29. Bc5 f6 30. d5 Rd2 31. d6 Kg6 32. d7 Kf5 33. Be7 Kf4 34. d8Q Rxd8 35. Bxd8 Kxf3 36. Rxg7 f5 37. Rg3+ Kf4 38. h4 h5 39. Bg5+ Ke4 40. Kg2 f4 41. Bxf4 Kxf4 42. Rg5 Ke4 43. Rxh5 Kf4 44. Rg5 Ke4 45. Rg3 Kf4 46. h5 Kf5 47. h6 Ke6 48. h7 Kf7 49. h8Q Ke6 50. Qh4 Kf5 51. Rg5+ Ke6 52. Qh6+ Kf7 53. Rg7+ Ke8 54. Qh8# 1-0